[Event "GER MS-176 email"]
[Site "GER email"]
[Date "2013.03.20"]
[Round "?"]
[White "Langer, Raimund"]
[Black "Hohne, Ernst"]
[Result "1/2-1/2"]
[WhiteElo "1993"]
[BlackElo "2044"]
[PlyCount "138"]
[EventDate "2013.03.29"]
[EventType "tourn (corr)"]
[EventRounds "6"]
[EventCountry "GER"]
[SourceTitle "Corr 2015"]
[Source "ChessBase"]
[SourceDate "2015.07.17"]
[SourceVersion "1"]
[SourceVersionDate "2015.07.17"]
[SourceQuality "1"]

1. e4 c5 2. Nf3 d6 3. d4 cxd4 4. Nxd4 Nf6 5. Nc3 a6 6. Bg5 e6 7. f4 Be7 8. Qf3 Qc7 9. 0-0-0 Nbd7 10. g4 b5 11. Bxf6 Nxf6 12. g5 Nd7 13. f5 0-0 14. Rg1 b4 15. Nce2 e5 16. f6 exd4 17. fxe7 Re8 18. Nxd4 Ne5 19. Qb3 Bg4 20. Rd2 Rxe7 21. Qd5 Rd8 22. Nf5 Ree8 23. Rg3 a5 24. Bb5 Re6 25. Ba4 Bh5 26. Qd4 Bg6 27. Re3 Bh5 28. Bb3 Ree8 29. a4 bxa3 30. bxa3 Bg4 31. Rc3 Qb7 32. Bd5 Qa6 33. Rf2 Bxf5 34. exf5 Rc8 35. Re3 Re7 36. g6 Qa7 37. gxf7+ Nxf7 38. Qxa7 Rxa7 39. f6 gxf6 40. Rg3+ Kh8 41. Rxf6 Ne5 42. Rxd6 Rac7 43. Be4 Nc4 44. Rd4 Rg7 45. Bf5 Rxg3 46. hxg3 Rc7 47. Bd3 Ne5 48. Be2 Kg7 49. g4 Kf7 50. Rd5 Nc4 51. Rh5 Ke6 52. Bd3 Ne5 53. Bxh7 Rc3 54. a4 Rg3 55. Bg8+ Kd6 56. g5 Rg2 57. Kb1 Nf3 58. Rh6+ Kc5 59. g6 Ne5 60. Rh5 Kd6 61. Bf7 Nxf7 62. gxf7 Rf2 63. Kb2 Rxf7 64. Rxa5 Kc6 65. Kb3 Rf4 66. c4 Rf1 67. Rh5 Rb1+ 68. Kc3 Rc1+ 69. Kb4 Rb1+ 1/2-1/2

[Event "GER MS-173 email"]
[Site "GER email"]
[Date "2013.01.26"]
[Round "?"]
[White "Hohne, Ernst"]
[Black "Wurtinger, Rainer"]
[Result "1/2-1/2"]
[WhiteElo "2040"]
[BlackElo "2166"]
[PlyCount "118"]
[EventDate "2013.02.08"]
[EventType "tourn (corr)"]
[EventRounds "6"]
[EventCountry "GER"]
[SourceTitle "Corr 2015"]
[Source "ChessBase"]
[SourceDate "2015.07.17"]
[SourceVersion "1"]
[SourceVersionDate "2015.07.17"]
[SourceQuality "1"]

1. e4 c5 2. Nf3 d6 3. d4 cxd4 4. Nxd4 Nf6 5. Nc3 a6 6. Be3 e5 7. Nb3 Be6 8. f3 Nbd7 9. Qd2 h5 10. 0-0-0 Be7 11. Kb1 Qc7 12. h3 h4 13. Bg5 b5 14. Bd3 Nh5 15. Bxe7 Kxe7 16. Qg5+ Nhf6 17. Qd2 Nb6 18. f4 Kf8 19. f5 Bd7 20. a3 Rc8 21. Na5 Rh6 22. Rhe1 Be8 23. Rf1 Rb8 24. Rg1 Nh5 25. Qe1 Kg8 26. Nb3 Nf6 27. Na2 Rc8 28. Nb4 Ra8 29. Na5 Nbd7 30. Nb3 a5 31. Na2 Nc5 32. Nxc5 Qxc5 33. g4 hxg3 34. Rxg3 Bc6 35. Nc1 Qb6 36. Nb3 Kf8 37. Nd2 Rb8 38. Bf1 Qc7 39. Qe3 b4 40. Re1 Rc8 41. Ba6 Bb7 42. Bxb7 Qxc2+ 43. Ka1 Rb8 44. Nf3 Rxb7 45. Nxe5 dxe5 46. Rc1 Qa4 47. Rc8+ Ne8 48. Qc5+ Kg8 49. Rd8 bxa3 50. Rxa3 Qc6 51. Qxc6 Rxc6 52. Rxe8+ Kh7 53. Rxe5 Rc2 54. b3 Rb4 55. Re7 Rh2 56. Rxa5 Rxb3 57. Rxf7 Re3 58. Rb5 Rxe4 59. f6 Kg6 1/2-1/2

[Event "GER-ch 2012-E-V6 serv"]
[Site "GER email"]
[Date "2012.10.04"]
[Round "?"]
[White "Hohne, Ernst"]
[Black "Grube, Andreas"]
[Result "1/2-1/2"]
[WhiteElo "2040"]
[BlackElo "2104"]
[PlyCount "71"]
[EventDate "2012.10.08"]
[EventType "tourn (corr)"]
[EventRounds "6"]
[EventCountry "GER"]
[SourceTitle "Corr 2015"]
[Source "ChessBase"]
[SourceDate "2015.07.17"]
[SourceVersion "1"]
[SourceVersionDate "2015.07.17"]
[SourceQuality "1"]

1. e4 c5 2. Nf3 Nc6 3. d4 cxd4 4. Nxd4 Nf6 5. Nc3 e6 6. Ndb5 d6 7. Be2 a6 8. Nd4 Qc7 9. 0-0 Be7 10. Qd3 Bd7 11. Rd1 Nxd4 12. Qxd4 0-0 13. Bg5 Rfd8 14. Be3 Bc6 15. Qb6 Qb8 16. f3 d5 17. exd5 Bxd5 18. Bf2 Bd6 19. h3 Bc6 20. Bd3 Nd7 21. Qe3 Bc5 22. Qe1 Qc7 23. Be4 Bxf2+ 24. Qxf2 Ne5 25. b3 h6 26. f4 Bxe4 27. Nxe4 Ng6 28. f5 exf5 29. Qxf5 b5 30. Qc5 Qxc5+ 31. Nxc5 Rdc8 32. b4 a5 33. c3 axb4 34. cxb4 Ra3 35. Rd2 Ne5 36. Nb3 1/2-1/2

[Event "GER MS-166 email"]
[Site "GER email"]
[Date "2012.09.05"]
[Round "?"]
[White "Floren, Dieter"]
[Black "Hohne, Ernst"]
[Result "1/2-1/2"]
[WhiteElo "1983"]
[BlackElo "2045"]
[PlyCount "89"]
[EventDate "2012.09.09"]
[EventType "tourn (corr)"]
[EventRounds "6"]
[EventCountry "GER"]
[SourceTitle "Corr 2015"]
[Source "ChessBase"]
[SourceDate "2015.07.17"]
[SourceVersion "1"]
[SourceVersionDate "2015.07.17"]
[SourceQuality "1"]

1. e4 c5 2. Nf3 d6 3. d4 cxd4 4. Nxd4 Nf6 5. Nc3 a6 6. Be3 e6 7. Qd2 b5 8. f3 Nbd7 9. g4 h6 10. 0-0-0 b4 11. Nce2 Qc7 12. h4 d5 13. Bh3 Nb6 14. b3 e5 15. Nf5 Bxf5 16. exf5 Bc5 17. Bxc5 Qxc5 18. g5 Nfd7 19. f6 gxf6 20. gxh6 d4 21. Rhe1 0-0-0 22. Rg1 Nd5 23. Rg7 Ne3 24. Rxf7 Nxd1 25. Kxd1 a5 26. Ng3 Qd5 27. Rxf6 Kb8 28. Bxd7 Rxd7 29. Qd3 Rf7 30. Ne4 Rxf6 31. Nxf6 Qd8 32. Ng4 Qc7 33. Ke2 Rc8 34. Kf1 Qxc2 35. Qb5+ Ka7 36. Qxa5+ Kb7 37. Qxb4+ Ka6 38. Nxe5 Qd1+ 39. Qe1 Qxe1+ 40. Kxe1 Re8 41. f4 Re6 42. Kf2 Rxh6 43. Kf3 Kb5 44. Ke4 Kb4 45. Kxd4 1/2-1/2

[Event "GER MS-166 email"]
[Site "GER email"]
[Date "2012.09.05"]
[Round "?"]
[White "Hohne, Ernst"]
[Black "Figura, Atila Gajo"]
[Result "1/2-1/2"]
[WhiteElo "2045"]
[BlackElo "2079"]
[PlyCount "84"]
[EventDate "2012.09.09"]
[EventType "tourn (corr)"]
[EventRounds "6"]
[EventCountry "GER"]
[SourceTitle "Corr 2015"]
[Source "ChessBase"]
[SourceDate "2015.07.17"]
[SourceVersion "1"]
[SourceVersionDate "2015.07.17"]
[SourceQuality "1"]

1. e4 c5 2. Nf3 d6 3. d4 cxd4 4. Nxd4 Nf6 5. Nc3 a6 6. Be3 e6 7. Be2 Be7 8. 0-0 0-0 9. f4 Qc7 10. Qe1 b5 11. Bf3 Bb7 12. e5 Ne8 13. Bxb7 Qxb7 14. a3 Nd7 15. Bf2 Rc8 16. Qe2 dxe5 17. fxe5 Nb6 18. a4 bxa4 19. Ne4 a3 20. bxa3 Nc4 21. Nf3 Qc6 22. Rfe1 a5 23. Qd3 Qd5 24. Red1 Nc7 25. Qe2 Qc6 26. Nd4 Qa6 27. Nd6 Nxd6 28. Qxa6 Nxa6 29. exd6 Bxd6 30. Nxe6 Bxh2+ 31. Kxh2 fxe6 32. Rd2 Nc7 33. Re1 Rf5 34. Kg1 Rd5 35. Rd3 Rxd3 36. cxd3 Ra8 37. Bg3 Nb5 38. a4 Nc3 39. Rxe6 Kf7 40. Rc6 Nxa4 41. Be5 Ra7 42. Kf2 Rb7 1/2-1/2

[Event "GER-ch44 V06 email"]
[Site "GER email"]
[Date "2012.04.25"]
[Round "?"]
[White "Hohne, Ernst"]
[Black "Bergmann, Michael"]
[Result "1/2-1/2"]
[WhiteElo "2040"]
[BlackElo "2202"]
[PlyCount "50"]
[EventDate "2012.04.30"]
[EventType "tourn (corr)"]
[EventRounds "10"]
[EventCountry "GER"]
[SourceTitle "Corr 2015"]
[Source "ChessBase"]
[SourceDate "2015.07.17"]
[SourceVersion "1"]
[SourceVersionDate "2015.07.17"]
[SourceQuality "1"]

1. e4 c5 2. Nf3 d6 3. d4 cxd4 4. Nxd4 Nf6 5. Nc3 a6 6. Be3 e5 7. Nf3 Qc7 8. a4 Be7 9. Be2 0-0 10. 0-0 b6 11. Nh4 Nc6 12. Bc4 Be6 13. Bb3 Na5 14. Nf5 Bxf5 15. exf5 Nxb3 16. cxb3 Qd7 17. f4 Qb7 18. g4 exf4 19. Rxf4 h6 20. Qf3 d5 21. Rd1 Rae8 22. Bf2 Bc5 23. Bxc5 bxc5 24. Nxd5 Nxd5 25. Qxd5 Qb8 1/2-1/2

[Event "GER-ch44 V06 email"]
[Site "GER email"]
[Date "2012.04.25"]
[Round "?"]
[White "Hohne, Ernst"]
[Black "Korber, Bernhard"]
[Result "1/2-1/2"]
[WhiteElo "2040"]
[BlackElo "2138"]
[PlyCount "90"]
[EventDate "2012.04.30"]
[EventType "tourn (corr)"]
[EventRounds "10"]
[EventCountry "GER"]
[SourceTitle "Corr 2015"]
[Source "ChessBase"]
[SourceDate "2015.07.17"]
[SourceVersion "1"]
[SourceVersionDate "2015.07.17"]
[SourceQuality "1"]

1. e4 e6 2. d4 d5 3. Nc3 Bb4 4. e5 c5 5. a3 Bxc3+ 6. bxc3 Ne7 7. Nf3 Bd7 8. a4 Qa5 9. Qd2 Nbc6 10. Be2 Rc8 11. 0-0 cxd4 12. cxd4 Qxd2 13. Bxd2 Nf5 14. c3 Na5 15. Rfb1 b6 16. g3 h5 17. Kg2 f6 18. Bd3 Kf7 19. h3 Nc4 20. a5 b5 21. Bc1 a6 22. Ra2 Ne7 23. h4 Rc6 24. Be2 Ng6 25. Bd3 fxe5 26. Bxg6+ Kxg6 27. dxe5 Kf7 28. Nd4 Rc7 29. Bf4 Rb8 30. Bg5 Be8 31. f3 Rcb7 32. Nc2 Kf8 33. Nd4 Bf7 34. g4 Re8 35. Re1 Kg8 36. Kg3 Bg6 37. Bf4 Rc7 38. Bg5 Kf7 39. Ree2 Rh8 40. Re1 Rhc8 41. Ree2 Bb1 42. Ra1 Bd3 43. Rea2 hxg4 44. fxg4 Re8 45. Rf2+ Kg8 1/2-1/2

[Event "GER-ch44 V06 email"]
[Site "GER email"]
[Date "2012.04.25"]
[Round "?"]
[White "Hohne, Ernst"]
[Black "Richter, Marko"]
[Result "1/2-1/2"]
[WhiteElo "2040"]
[BlackElo "2062"]
[PlyCount "119"]
[EventDate "2012.04.30"]
[EventType "tourn (corr)"]
[EventRounds "10"]
[EventCountry "GER"]
[SourceTitle "Corr 2015"]
[Source "ChessBase"]
[SourceDate "2015.07.17"]
[SourceVersion "1"]
[SourceVersionDate "2015.07.17"]
[SourceQuality "1"]

1. e4 c6 2. d4 d5 3. Nc3 dxe4 4. Nxe4 Nf6 5. Nxf6+ gxf6 6. c3 Bf5 7. Nf3 Qc7 8. g3 Nd7 9. Bg2 0-0-0 10. 0-0 e5 11. a4 Be6 12. Be3 Bd6 13. Qc2 a5 14. Rfd1 h5 15. b4 e4 16. Qxe4 f5 17. Qh4 f4 18. Bxf4 Bxf4 19. Qxf4 Qxf4 20. gxf4 Nf6 21. bxa5 Nd5 22. Ng5 Nxf4 23. Nxe6 fxe6 24. Kh1 Nxg2 25. Kxg2 Rhg8+ 26. Kf1 Rd5 27. Re1 Rg6 28. a6 bxa6 29. Re3 Kd7 30. Rb1 Kd6 31. Rb6 Kc7 32. Rb2 Kd6 33. Rg3 Rf6 34. Rg8 Ra5 35. Rb7 Kd5 36. Rb4 Kd6 37. Rd8+ Kc7 38. Ra8 Rf4 39. Ke2 e5 40. Ra7+ Kd6 41. Ke3 Rh4 42. Rf7 Ke6 43. Rc7 Rh3+ 44. f3 exd4+ 45. cxd4 Kd6 46. Rf7 Ke6 47. Rf8 Rxh2 48. Rc4 Rh1 49. Rxc6+ Kd7 50. Rb6 Rxa4 51. Rf7+ Kc8 52. Rc6+ Kb8 53. Rb6+ Kc8 54. Rc6+ Kb8 55. d5 h4 56. Rh6 Re1+ 57. Kd3 Re8 58. Rb6+ Ka8 59. d6 Ra1 60. Rh7 1/2-1/2

[Event "GER-ch44 V06 email"]
[Site "GER email"]
[Date "2012.04.25"]
[Round "?"]
[White "Zill, Eberhard"]
[Black "Hohne, Ernst"]
[Result "1-0"]
[WhiteElo "2140"]
[BlackElo "2040"]
[PlyCount "77"]
[EventDate "2012.04.30"]
[EventType "tourn (corr)"]
[EventRounds "10"]
[EventCountry "GER"]
[SourceTitle "Corr 2015"]
[Source "ChessBase"]
[SourceDate "2015.07.17"]
[SourceVersion "1"]
[SourceVersionDate "2015.07.17"]
[SourceQuality "1"]

1. e4 e5 2. Nf3 Nc6 3. Nc3 Nf6 4. Bb5 Bb4 5. 0-0 0-0 6. d3 d6 7. Bg5 h6 8. Bxf6 gxf6 9. Nd5 Bc5 10. c3 a6 11. Ba4 f5 12. d4 Ba7 13. exf5 Bxf5 14. Re1 Re8 15. Qd2 Re6 16. h3 Ne7 17. Ne3 exd4 18. Nxd4 Bxd4 19. Qxd4 c6 20. Ng4 Bxg4 21. Qxg4+ Rg6 22. Qb4 Nd5 23. Qxb7 Rb8 24. Qa7 Qb6 25. Qxb6 Rxb6 26. Bc2 Rg5 27. h4 Rg4 28. Bb3 Nf6 29. g3 d5 30. Re2 Kg7 31. Rae1 Ne4 32. Bd1 Rg6 33. Kg2 a5 34. Bc2 f5 35. b3 Rb8 36. c4 Kf6 37. Rc1 Ke5 38. Bb1 h5 39. cxd5 1-0